[Event "3rd elllobregat Open 2022"]
[Site "Sant Boi ESP"]
[Date "2022.12.04"]
[Round "5.10"]
[White "Shevchenko, Kirill"]
[Black "Basso, Pier Luigi"]
[Result "1-0"]
[WhiteElo "2649"]
[BlackElo "2503"]
[PlyCount "93"]
[EventDate "2022.11.30"]
[EventType "swiss"]

1. Nf3 {Giri,Anish} d5 2. g3 g6 3. Bg2 Bg7 4. O-O e5 5. d3 Nc6 6. e4 dxe4 7. dxe4 Qxd1 8. Rxd1 Bg4 9. c3 Nf6 10. Nbd2 O-O-O 11. Re1 Bh6 12. Nc4 Bxc1 13. Raxc1 Bxf3 14. Bxf3 Nd7 $146 ({RR} 14... Ne8 15. Rcd1 Nd6 16. Bg4+ Kb8 17. Nxd6 Rxd6 18. Rxd6 cxd6 19. Re3 Kc7 ({RR} 19... h5 20. Be2 Kc7) 20. Rf3 Nd8 21. h4 d5 22. exd5 f5 23. Bh3 Kd6 ({RR} 23... Nf7 24. Bxf5 gxf5 25. Rxf5) ({RR} 23... b6 24. g4 f4 25. d6+ Kxd6 26. Rd3+ Ke7 27. g5) 24. c4 b6 ({RR} 24... Nf7 25. Bf1 e4 26. Ra3 Ra8 27. f4 exf3 28. Rxf3 Ne5 29. Ra3 b6) 25. g4 Nf7 ({RR} 25... f4 26. Ra3 a5 27. Rb3 Kc7 28. d6+ Kxd6 29. Rxb6+) 26. gxf5 g5 27. Ra3 gxh4 28. Rxa7 Ng5 29. Kg2 {Giri,A (2772)-Shankland,S (2708) Wijk aan Zee 2022 CBM 206 [Giri,Anish] 1-0 (34)}) 15. Rcd1 Nb6 16. Bg4+ Kb8 17. Nxb6 axb6 18. Rd5 h5 19. Bh3 f6 20. Red1 Rxd5 21. Rxd5 Rd8 22. Rd7 Rxd7 23. Bxd7 Ne7 24. Be8 c6 25. f3 Kc7 26. Kf2 Kd6 27. Bf7 b5 28. h4 g5 29. Bxh5 gxh4 30. gxh4 Ng8 31. Ke3 Nh6 32. Bg4 Kc5 33. Bc8 b6 34. Bd7 Kd6 35. Be8 Kc5 36. h5 Kd6 37. Kf2 Kc5 38. Kg3 Kd6 39. b4 Kc7 40. f4 Kd6 41. fxe5+ Kxe5 42. Bxc6 Nf7 43. Bxb5 Kxe4 44. a4 Nd6 45. Bc6+ Kf5 46. a5 bxa5 47. bxa5 1-0

[Event "Kallai Gabor Mem Blitz"]
[Site "Budapest HUN"]
[Date "2022.12.01"]
[Round "2.5"]
[White "Ruck, R1."]
[Black "Bjerre, Jonas Buhl"]
[Result "1-0"]
[WhiteElo "2534"]
[BlackElo "2623"]
[PlyCount "75"]
[EventDate "2022.12.01"]
[EventType "blitz"]

1. Nf3 c5 2. c4 Nc6 3. Nc3 g6 4. e3 Bg7 5. d4 d6 6. d5 Ne5 7. Nxe5 Bxe5 8. Bd3 e6 ({RR} 8... Bg7 9. O-O Nf6 10. e4 O-O 11. h3 e6 12. Bf4 exd5 13. cxd5 a6 14. a4 Re8 15. Qd2 c4 16. Bc2 Qc7 17. Bh6 Bxh6 18. Qxh6 Bd7 19. a5 b5 20. axb6 Qxb6 21. Qd2 Reb8 22. Kh2 Qc7 23. Ra2 {Radjabov,T (2765)-Svidler,P (2714) Paris 2021 1-0 (33)}) 9. e4 ({RR} 9. Bd2 exd5 10. cxd5 a6 11. a4 Ne7 12. h4 h5 13. e4 Bg4 14. f3 Bg3+ 15. Kf1 Bd7 16. f4 Bg4 17. Qb3 O-O 18. e5 dxe5 19. Ne4 exf4 20. Nf6+ Kh8 21. Qc3 Nxd5 22. Nxd5+ f6 23. Nxf4 Bxf4 {Sadovsky,A (2276)-Monpeurt,C (2155) chess.com INT 2024 1-0 (48)}) 9... exd5 10. Nxd5 $146 ({RR} 10. cxd5 a6 11. a4 Nf6 12. h3 O-O 13. O-O Nh5 14. Bh6 Re8 15. Qd2 Bd7 16. Be2 Nf6 17. Rfe1 Qa5 18. Bf3 Qb4 19. Bf4 b5 20. axb5 Bxb5 21. Bxe5 Rxe5 22. g3 Nd7 23. Bg2 Ree8 24. f4 Rab8 {Gaal,Z (2278)-Bjerre,J (2623) Budapest HUN 2022 0-1 (50)}) 10... Nf6 11. Ne3 O-O 12. O-O Re8 13. Re1 a6 14. a4 Bd7 15. Ra3 Bc6 16. f3 Nh5 17. Ng4 Bd4+ 18. Be3 Bxb2 19. Ra2 Bg7 20. Qd2 Qd7 21. a5 Nf6 22. Nh6+ Kf8 23. Bf1 Ng8 24. Ng4 Rad8 25. Ra3 Qe6 26. Rd3 Rd7 27. Rd1 Red8 28. Qc1 Ne7 29. Bg5 f6 30. Bf4 f5 31. Nf2 fxe4 32. fxe4 Be5 33. g3 Kg8 34. Bh3 Qf6 35. Ng4 Qg7 36. Nxe5 dxe5 37. Bxd7 exf4 38. Be6+ 1-0

[Event "51st UAE National Day"]
[Site "Sharjah UAE"]
[Date "2022.12.03"]
[Round "3.1"]
[White "Salem, AR."]
[Black "Miladinovic, I."]
[Result "1-0"]
[WhiteElo "2677"]
[BlackElo "2507"]
[PlyCount "67"]
[EventDate "2022.12.03"]

1. Nf3 d5 2. g3 Nc6 3. d4 Bf5 4. Bg2 Nb4 5. Na3 c6 6. O-O ({RR} 6. c3 Na6 7. O-O {½-½ (9) Arencibia Rodriguez,W (2486)-Miladinovic,I (2507) Sharjah UAE 2022}) 6... h6 7. c3 Na6 8. Nc2 ({RR} 8. b4 Nc7 9. Nc2 a5 10. Bb2 e6 11. a3 Nf6 12. Nd2 Be7 13. Re1 O-O 14. e4 dxe4 15. Nxe4 Nxe4 16. Bxe4 Bxe4 17. Rxe4 Nb5 18. Re1 Nd6 19. Qd3 b5 20. Ne3 Bg5 21. f4 Bf6 22. c4 bxc4 {Wadsworth,M (2450)-Miladinovic,I (2489) chess.com INT 2024 0-1 (36)}) 8... e6 9. Ne3 ({RR} 9. Nd2 Nf6 10. f3 Be7 11. e4 Bh7 12. e5 Nd7 13. Ne3 c5 14. f4 Qb6 15. Nf3 Be4 16. Nh4 cxd4 17. cxd4 Bxg2 18. Kxg2 Bxh4 19. gxh4 O-O-O 20. f5 Nb4 21. fxe6 fxe6 22. Bd2 Qxd4 23. Bxb4 Qxb4 {Matlakov,M (2691)-Morozevich,A (2683) Sochi 2016 0-1}) 9... Bh7 $146 10. Ng4 Bd6 11. Re1 Bf5 12. h3 Be4 13. Bf1 Ne7 14. Nd2 Bh7 15. e4 h5 16. Ne3 Bxe4 17. Nxe4 dxe4 18. Nc4 f5 19. Qb3 Nc7 20. Qxb7 Rc8 21. Bg5 O-O 22. Qxa7 Ra8 23. Qb6 Rb8 24. Bxe7 Bxe7 25. Qxc6 h4 26. g4 Rf6 27. Ne5 Rxb2 28. Rab1 Rxb1 29. Rxb1 Qd6 30. Rb6 Qxc6 31. Rxc6 Bd8 32. Bc4 Kh7 33. g5 Rf8 34. g6+ 1-0

[Event "ch-AZE Rapid 2022"]
[Site "Baku AZE"]
[Date "2022.12.02"]
[Round "5.1"]
[White "Mamedov, Rau"]
[Black "Asadli, Vugar"]
[Result "1-0"]
[WhiteElo "2646"]
[BlackElo "2567"]
[PlyCount "81"]
[EventDate "2022.12.02"]
[EventType "rapid"]

1. Nf3 d5 2. g3 g6 3. Bg2 Bg7 4. d4 Nf6 5. O-O O-O 6. c3 b6 7. c4 e6 8. Nc3 Bb7 9. Ne5 Qc8 10. cxd5 Nxd5 11. Nxd5 exd5 12. Bf4 Qe6 $146 ({RR} 12... Nd7 13. Rc1 Nxe5 14. dxe5 Qd8 15. e6 fxe6 16. Rxc7 Rxf4 17. Rxg7+ Kxg7 18. gxf4 Rc8 19. Qd2 Qc7 20. Qd4+ Kf7 21. Bh3 Qe7 22. Qe3 Rc4 23. Rc1 Qf6 24. b3 Rxc1+ 25. Qxc1 Qe7 26. Qc3 Qc5 27. Qh8 {Galperin,P (2524)-Bilych,O (2311) Omelnyk 2021 ½-½ (54)}) 13. Rc1 c5 14. Nf3 Nd7 15. Ng5 Qe7 16. dxc5 Nxc5 17. b4 Na6 18. a3 h6 19. Nf3 Rac8 20. Qd2 Kh7 21. Nd4 Qd7 22. h4 Nc7 23. h5 Nb5 24. hxg6+ fxg6 25. Nxb5 Qxb5 26. Rxc8 Rxc8 27. Rd1 Re8 28. e3 g5 29. Bd6 Rd8 30. Qc2+ Kh8 31. Qc7 Qd7 32. Qxd7 Rxd7 33. Bb8 a5 34. Ba7 axb4 35. axb4 Rd6 36. b5 Bf6 37. Rc1 Bd8 38. Bb8 Re6 39. Bh3 Re4 40. Bc8 Ba8 41. Ra1 1-0

[Event "Titled Tue 29th Nov Late"]
[Site "chess.com INT"]
[Date "2022.11.29"]
[Round "5"]
[White "Kobo, Ori"]
[Black "Svane, Frederik"]
[Result "1-0"]
[WhiteElo "2554"]
[BlackElo "2568"]
[PlyCount "97"]
[EventDate "2022.11.29"]

1. Nf3 d5 2. g3 Nd7 3. d4 Nb6 4. Nc3 Nf6 5. a4 a5 6. Bg2 g6 7. O-O Bg7 8. b3 O-O 9. Ba3 Re8 10. e3 c6 11. Ne5 $146 ({RR} 11. Qe2 Bg4 12. Qd3 Bf5 13. Qe2 Bg4 14. Qd3 Bf5 15. Qd2 Ne4 16. Nxe4 Bxe4 17. Rad1 h6 18. Qc1 Rc8 19. Rfe1 e6 20. Bb2 Qf6 21. Ne5 Bxg2 22. Kxg2 Qe7 23. Nd3 Nd7 24. c4 dxc4 25. bxc4 Nb6 {Svane,R (2635)-Ward,N (2211) chess.com INT 2024 1-0 (39)}) 11... h5 12. Qe2 Bf5 13. h3 Qc8 14. Kh2 Nbd7 15. f4 c5 16. Nxd5 Nxe5 17. fxe5 Nxd5 18. Bxd5 cxd4 19. exd4 e6 20. Bc4 Rd8 21. Rad1 Qc6 22. Bd6 Rac8 23. c3 Be4 24. Qf2 Qe8 25. Bb5 Bc6 26. c4 Bf8 27. Bxc6 Rxc6 28. c5 b6 29. Rd3 bxc5 30. dxc5 Bg7 31. Rf3 Rd7 32. Qe2 Rb7 33. Qe4 Rb4 34. Qe2 Rb7 35. h4 Qc8 36. Qf2 Qe8 37. Re3 Rc8 38. Qf3 Rc6 39. Rf2 Rb4 40. Re4 Rb7 41. Qe3 Rc8 42. Ref4 Qc6 43. Qf3 Qxf3 44. R2xf3 Bf8 45. Rc4 Bg7 46. c6 Rb6 47. c7 f6 48. Rd3 Kf7 49. Bc5 1-0

[Event "Titled Tue 29th Nov Late"]
[Site "chess.com INT"]
[Date "2022.11.29"]
[Round "7"]
[White "Nakamura, Hi"]
[Black "Corrales Jimenez, F."]
[Result "1-0"]
[WhiteElo "2768"]
[BlackElo "2525"]
[PlyCount "137"]
[EventDate "2022.11.29"]

1. Nf3 Nf6 2. g3 g6 3. d3 Bg7 4. e4 O-O 5. Bg2 c5 6. O-O d6 7. Nbd2 Nc6 8. Re1 Rb8 9. Nf1 b5 10. Ne3 ({RR} 10. c3 b4 11. d4 bxc3 12. bxc3 cxd4 13. cxd4 Ba6 14. h3 Nd7 15. Ne3 Nc5 16. Nc2 Nd3 17. Re3 Nxc1 18. Rxc1 Bh6 19. Ra3 Be2 20. Qxe2 Bxc1 21. Rc3 Na5 22. d5 Bb2 23. Re3 Qb6 24. e5 Qb5 {Potapov,P (2515)-Triapishko,A (2508) Sochi 2018 ½-½ (88)}) 10... a5 11. h3 ({RR} 11. Nd5 a4 12. a3 Bd7 13. Bg5 Re8 14. Nxf6+ exf6 15. Bf4 Ne5 16. d4 cxd4 17. Nxd4 b4 18. axb4 Rxb4 19. Ra2 Qb6 20. Be3 Nc4 21. Bc1 Nxb2 22. Bxb2 Rxb2 23. Rxb2 Qxb2 24. Ne2 f5 25. Qxd6 Bb5 {Gubajdullin,A (2238)-Mathurin,N (2001) chess.com INT 2024 0-1 (35)}) 11... b4 $146 ({RR} 11... e6 12. Nh2 d5 13. Nhg4 Nxg4 14. Nxg4 h5 15. Nh2 d4 16. Bd2 c4 17. f4 c3 18. bxc3 dxc3 19. Be3 Nd4 20. Nf3 Nxf3+ 21. Qxf3 e5 22. Kh2 f5 23. Rad1 Qf6 24. fxe5 Qe7 25. d4 Bb7 26. d5 {Valero Gutierrez,A-Gutierrez Valero,M (1734) Linares 2007 1-0 (32)}) 12. Rb1 a4 13. b3 a3 14. Bd2 Na7 15. c4 bxc3 16. Bxc3 Nb5 17. Ba1 e5 18. Nd2 Ne8 19. Ndc4 Nec7 20. Qc1 Ra8 21. Nc2 Ne6 22. N4xa3 Nxa3 23. Nxa3 Nd4 24. Bxd4 exd4 25. Re2 Rb8 26. Nc4 Be6 27. f4 Rb4 28. Qc2 g5 29. Rf1 gxf4 30. gxf4 Kh8 31. Qd2 Bxc4 32. bxc4 Rg8 33. Kh2 Qh4 34. Qe1 Qh6 35. e5 dxe5 36. fxe5 Qg5 37. Bd5 Bxe5+ 38. Rxe5 Rb2+ 39. Kh1 Qh6 40. Rf3 Rc2 41. Bxf7 Qg7 42. Rg3 Qxg3 43. Qxg3 Rxg3 44. Re8+ Kg7 45. Rg8+ Kxf7 46. Rxg3 Kf6 47. Rg2 Rc3 48. Rd2 Ke5 49. Kg2 Kf4 50. Kf2 Rc1 51. Re2 Ra1 52. Re4+ Kf5 53. Rh4 Rxa2+ 54. Ke1 Rh2 55. Rxh7 Kf4 56. Re7 Kf3 57. Re5 Kf4 58. Re4+ Kf3 59. h4 Kg3 60. Re5 Kf3 61. h5 Kf4 62. Rxc5 Ke3 63. Re5+ Kxd3 64. c5 Kc2 65. c6 Rh1+ 66. Kf2 Kb3 67. Rc5 Kb4 68. c7 Rh2+ 69. Kg3 1-0

[Event "Titled Tue 29th Nov Late"]
[Site "chess.com INT"]
[Date "2022.11.29"]
[Round "9"]
[White "Keymer, Vincent"]
[Black "Quesada Perez, Yu"]
[Result "1-0"]
[WhiteElo "2698"]
[BlackElo "2583"]
[PlyCount "63"]
[EventDate "2022.11.29"]

1. Nf3 d5 2. e3 Nf6 3. c4 c6 4. Nc3 e6 5. b3 Nbd7 6. Qc2 Bd6 7. Bb2 O-O 8. Be2 b6 9. Rg1 Bb7 10. g4 c5 11. g5 Ne4 12. cxd5 exd5 13. Nxe4 dxe4 14. Qc3 f6 15. Bc4+ Kh8 16. gxf6 Rxf6 17. Qxf6 Nxf6 18. Ng5 Qe7 19. Nf7+ Kg8 20. Nxd6+ Kf8 21. Nf5 Qd7 22. Nxg7 $146 ({RR} 22. Bxf6 Qxf5 23. Bxg7+ Ke7 24. Bc3 Bd5 25. Rg7+ Kd6 26. Bxd5 Kxd5 27. O-O-O Rd8 28. Rdg1 Qxf2 29. R1g5+ Kc6 30. Rxh7 Qf1+ 31. Kb2 Qe2 32. Rh6+ Kb7 33. Kc2 Qd3+ 34. Kb2 Qe2 35. Kc2 Qd3+ {½-½ (35) Nicolas Zapata,I (2193)-Styazhkina,A (2113) Maribor 2012}) 22... Nd5 23. Nh5 b5 24. Rg8+ Kxg8 25. Nf6+ Kf7 26. Nxd7 bxc4 27. Nxc5 Bc6 28. bxc4 Nb4 29. Ke2 Rd8 30. Rg1 Nd3 31. Rg7+ Kf8 32. Ne6+ 1-0

[Event "Titled Tue 29th Nov Late"]
[Site "chess.com INT"]
[Date "2022.11.29"]
[Round "10"]
[White "Ibarra Jerez, JC."]
[Black "Mekhitarian, K."]
[Result "1-0"]
[WhiteElo "2557"]
[BlackElo "2551"]
[PlyCount "23"]
[EventDate "2022.11.29"]

1. Nf3 d5 2. g3 Nc6 3. d4 Bf5 4. Bg2 e6 5. O-O h6 6. c4 Nf6 7. Qb3 $146 ({RR} 7. Nc3 Bb4 8. cxd5 exd5 9. Ne5 Bxc3 10. bxc3 O-O 11. c4 Re8 12. cxd5 Nxd5 13. e4 Nc3 14. Nxc6 bxc6 15. Qf3 Qxd4 16. Bb2 Bxe4 17. Qxc3 Qxc3 18. Bxc3 Bxg2 19. Kxg2 Re2 20. Rfe1 Rc2 21. Rec1 Rxc1 {Tidemann,L-Duncker,J Giessen 1991 1-0 (43)}) ({RR} 7. Nc3 Bb4 8. Ne5 O-O 9. Bf4 Bxc3 10. Nxc6 bxc6 11. bxc3 Ne4 12. Rc1 Nd6 13. c5 Nc4 14. Qa4 Qd7 15. e4 Bg6 16. Rfe1 Rfb8 17. f3 Rb5 18. Rb1 a5 19. Bf1 Rab8 20. Rbc1 Bh5 21. g4 Bg6 {Kushko,D (2449)-Mardov,D (2504) chess.com INT 2024 0-1 (85)}) ({RR} 7. cxd5 exd5 8. Nc3 Ne4 9. Bf4 Be7 10. Rc1 g5 11. Be5 f6 12. Qb3 Nxc3 13. Rxc3 Na5 14. Bxc7 Nxb3 15. Bxd8 Rxd8 16. Rxb3 b6 17. a3 Rc8 18. Rc3 Rxc3 19. bxc3 Kd7 20. a4 Rc8 21. Nd2 Be6 {Hercegovac,N (2309)-Llorente Zaro,A (2440) chess.com INT 2024 0-1 (46)}) 7... Rb8 8. cxd5 exd5 9. Ne5 Nxd4 10. Qa4+ Nc6 11. Nxc6 Qd7 12. Qxa7 1-0

[Event "Titled Tue 29th Nov Late"]
[Site "chess.com INT"]
[Date "2022.11.29"]
[Round "10"]
[White "Yoo, Christopher Woojin"]
[Black "Leitao, R."]
[Result "1-0"]
[WhiteElo "2573"]
[BlackElo "2592"]
[PlyCount "57"]
[EventDate "2022.11.29"]

1. Nf3 Nf6 2. b3 g6 3. Bb2 Bg7 4. c4 O-O 5. g3 d6 6. d4 Nbd7 7. Bg2 e5 8. dxe5 Ng4 9. O-O Ndxe5 10. Nxe5 Nxe5 11. Nc3 Re8 12. Qd2 Rb8 ({RR} 12... h5 13. h3 Be6 14. Rad1 Qd7 15. f4 Nc6 16. Kh2 Rad8 17. Ne4 Qe7 18. Bxg7 Kxg7 19. Qc3+ f6 20. Nd2 Kh7 21. e4 Rg8 22. Nf3 g5 23. fxg5 fxg5 24. e5 g4 25. exd6 Rxd6 26. Rxd6 cxd6 27. Nd4 {Jobava,B (2578)-Halkias,S (2506) Chess.com INT 2022 1-0 (45)}) 13. Rad1 ({RR} 13. Rfd1 Be6 14. Nd5 a6 15. Rac1 b5 16. c5 c6 17. Nb4 dxc5 18. Nxa6 Ra8 19. Qxd8 Rexd8 20. Rxd8+ Rxd8 21. Nxc5 Bg4 22. Bxe5 Bxe5 23. Nd3 Bf6 24. Bxc6 Bxe2 25. Nf4 Rd2 26. Nxe2 Rxe2 27. a4 bxa4 {Orzech,D (2248)-Gdanski,J (2484) Warsaw POL 2024 ½-½ (53)}) 13... Be6 14. f4 $146 ({RR} 14. Ba1 a6 15. Qf4 Qf6 16. Qxf6 Bxf6 17. c5 dxc5 18. Ne4 Bg7 19. Nxc5 Bc8 20. Rd2 b6 21. Na4 Be6 22. Rfd1 Ng4 23. Bxg7 Kxg7 24. h3 Nf6 25. e4 Re7 26. f4 h5 27. Nc3 Kf8 28. e5 Ne8 {Enders,P (2445)-Merkert,M (2229) Germany 2016 1-0 (74)}) 14... Nd7 15. e4 f5 16. exf5 Bxf5 17. Bxb7 Nf6 18. Bf3 Qd7 19. Nd5 Nxd5 20. Bxd5+ Kh8 21. Bxg7+ Qxg7 22. Rfe1 h5 23. Bc6 Rf8 24. Qd4 Rf6 25. Qxa7 Rbf8 26. h4 Bg4 27. Rd2 d5 28. Bxd5 Rb6 29. Qa3 1-0

[Event "Titled Tue 29th Nov Late"]
[Site "chess.com INT"]
[Date "2022.11.29"]
[Round "10"]
[White "Carlsen, M."]
[Black "Keymer, Vincent"]
[Result "1-0"]
[WhiteElo "2859"]
[BlackElo "2698"]
[PlyCount "97"]
[EventDate "2022.11.29"]

1. Nf3 d5 2. g3 Nf6 3. Bg2 c5 4. O-O e6 5. c4 d4 6. e3 Nc6 7. d3 h6 8. Re1 Bd6 9. exd4 cxd4 10. Na3 O-O 11. Nc2 a5 12. a3 e5 13. Rb1 a4 14. Nb4 ({RR} 14. b4 axb3 15. Nb4 Re8 16. Qxb3 Bf5 17. Nd2 Qd7 18. Qc2 Bh3 19. Bh1 Ne7 20. Na2 Rab8 21. a4 Ng6 22. Rb5 Qc7 23. Ne4 Nxe4 24. Bxe4 Bd7 25. Rb1 f5 26. Bd5+ Kh7 27. Bd2 Bc6 28. Qd1 e4 {Duda,J (2732)-Keymer,V (2743) chess.com INT 2024 0-1 (37)}) 14... Re8 ({RR} 14... Nd7 15. c5 Bc7 16. Bd2 Re8 17. Nh4 Na5 18. Qc2 Nb3 19. c6 Ndc5 20. Nd5 Bd6 21. Bb4 bxc6 22. Bxc5 cxd5 23. Bxd6 Qxd6 24. f4 f6 25. Qf2 Be6 26. fxe5 fxe5 27. Qe2 Bd7 28. Qf3 e4 29. dxe4 {Gourlay,I (2304)-Tan,J (2507) England ENG 2025 0-1 (34)}) 15. Bd2 $146 ({RR} 15. c5 Bc7 16. Nd2 Bd7 17. Ne4 Nxb4 18. axb4 Bc6 19. Ra1 Nxe4 20. Bxe4 Bxe4 21. dxe4 Qd7 22. Qd3 b6 23. Bd2 bxc5 24. bxc5 Reb8 25. b4 axb3 26. Rxa8 Rxa8 27. Qxb3 Qa4 28. Qb7 Ra7 29. Qc8+ Kh7 {Vardanyan,A (2299)-Gasanov,E (2494) Cambridge ENG 2024 ½-½ (32)}) 15... Bf5 16. h3 Bxb4 17. Bxb4 e4 18. dxe4 Bxe4 19. Rc1 Qd7 20. Qd2 Bxf3 21. Bxf3 Qxh3 22. Bd6 Qf5 23. Qf4 Qxf4 24. Bxf4 Rad8 25. Bc7 Rd7 26. Rxe8+ Nxe8 27. Bb6 Ne5 28. Bd1 Nf6 29. Bxa4 Rd6 30. Bc7 Re6 31. Bxe5 Rxe5 32. Rd1 Re4 33. b4 d3 34. Rxd3 Rxc4 35. Rd8+ Kh7 36. Bb5 Rc7 37. Kg2 g6 38. a4 Ne4 39. Rd7 Rxd7 40. Bxd7 Kg7 41. a5 Kf6 42. Bc8 Nd6 43. Bxb7 Ke7 44. a6 Nb5 45. Bc6 Na7 46. b5 Kd8 47. Be8 Kxe8 48. b6 Nc6 49. a7 1-0

[Event "chess.com SpeedChess 2022"]
[Site "chess.com INT"]
[Date "2022.11.30"]
[Round "1.23"]
[White "Andreikin, D."]
[Black "Aronian, L."]
[Result "1-0"]
[WhiteElo "2729"]
[BlackElo "2735"]
[PlyCount "77"]
[EventDate "2022.11.23"]
[EventType "k.o."]

1. Nf3 d5 2. g3 Nf6 3. Bg2 c5 4. O-O g6 5. d4 cxd4 6. Nxd4 Bg7 7. Nb3 O-O ({RR} 7... Nc6 8. Nc3 e6 9. e4 d4 10. e5 dxc3 11. exf6 Bxf6 12. bxc3 O-O 13. Qf3 Bg7 14. Ba3 Re8 15. Rab1 Qf6 16. Qxf6 Bxf6 17. Rfd1 Bxc3 18. Nc5 Bf6 19. Nxb7 Bxb7 20. Rxb7 Nd4 21. c4 Rac8 22. Bf1 {Carlsen,M (2856)-Erigaisi,A (2728) chess24.com INT 2022 1-0 (48)}) 8. Nc3 e6 9. a4 ({RR} 9. e4 Nc6 10. Qe2 d4 11. Nb1 e5 12. Rd1 b6 13. c3 Bg4 14. Bf3 Bxf3 15. Qxf3 a5 16. cxd4 exd4 17. Bf4 Nd7 18. Qe2 a4 19. Nc1 Re8 20. Nd3 Qe7 21. Nd2 a3 22. Rac1 Nce5 23. Bxe5 Bxe5 {Nakamura,H (2802)-Robson,R (2689) Saint Louis USA 2025 ½-½ (82)}) 9... Nh5 $146 ({RR} 9... Nc6 10. a5 Ne8 11. Be3 Nd6 12. Bc5 Re8 13. e4 Nxe4 14. Nxe4 dxe4 15. Bxe4 Qxd1 16. Rfxd1 a6 17. c3 e5 18. Bb6 Bf8 19. Bd5 Bf5 20. Nd2 Kg7 21. Nc4 Rac8 22. Ne3 Bh3 23. f3 h5 24. Kf2 {Kavinda,A (2086)-Samaranayake,K (1899) Maharaga 2020 0-1 (64)}) 10. a5 f5 11. Nxd5 exd5 12. Qxd5+ Kh8 13. a6 Nc6 14. Nc5 Qxd5 15. Bxd5 Nf6 16. axb7 Bxb7 17. Bg2 Ne4 18. Nxb7 Nd4 19. e3 Ne2+ 20. Kh1 Nxc1 21. Bxe4 fxe4 22. Raxc1 Bxb2 23. Rb1 Bg7 24. Rb4 Rab8 25. Rb3 Rbc8 26. Nd6 Rxc2 27. Nxe4 a5 28. Rb7 Rc4 29. Ng5 Rc6 30. Ra7 h6 31. Nh3 Bc3 32. Nf4 g5 33. Nd5 Bb4 34. Kg2 Rc2 35. Rb7 Bd6 36. Rb6 Bc5 37. Rxh6+ Kg7 38. Rc6 a4 39. Nc7 1-0

[Event "chess.com SpeedChess 2022"]
[Site "chess.com INT"]
[Date "2022.11.30"]
[Round "1.25"]
[White "Andreikin, D."]
[Black "Aronian, L."]
[Result "1-0"]
[WhiteElo "2729"]
[BlackElo "2735"]
[PlyCount "85"]
[EventDate "2022.11.23"]
[EventType "k.o."]

1. Nf3 d5 2. g3 g6 3. Bg2 Bg7 4. d4 Nf6 5. O-O O-O 6. c3 b6 7. c4 c6 8. cxd5 ({RR} 8. Ne5 Ng4 9. cxd5 cxd5 10. Nc3 Nf6 11. Bg5 Bb7 12. Qb3 Nbd7 13. Nxd7 Qxd7 14. Bxf6 Bxf6 15. Bxd5 Bxd4 16. Rfd1 e5 17. Bxb7 Qxb7 18. Nb5 Rfd8 19. Nxd4 exd4 20. Rd2 Rd7 21. Rad1 Rad8 22. Qb4 Qa6 {Nogerbek,K (2527)-Abdilkhair,A (2390) Astana KAZ 2024 ½-½ (106)}) 8... cxd5 9. Nc3 Bb7 10. Ne5 Nc6 $146 ({RR} 10... e6 11. Bf4 Nh5 12. Be3 Nc6 13. Nxc6 Bxc6 14. Qd2 f5 15. Bh6 Bxh6 16. Qxh6 f4 17. Rad1 Qd6 18. Rd3 b5 19. Rf3 b4 20. Nb1 Bb5 21. Re1 fxg3 22. hxg3 Rxf3 23. exf3 Rc8 24. Rc1 Rc4 25. Bf1 {Lomako,P (2398)-Nechepurenko,R (2510) Dubna 2007 0-1 (50)}) 11. Bg5 e6 12. Rc1 Rc8 13. Qa4 h6 14. Bf4 a6 15. Nxc6 Rxc6 16. Be5 Rc4 17. Qb3 b5 18. a4 Nd7 19. Bxg7 Kxg7 20. axb5 Rxd4 21. Qa3 Qb6 22. b3 a5 23. Qb2 e5 24. e3 Rb4 25. Bxd5 Nc5 26. Bxb7 Qxb7 27. Rfd1 Rxb3 28. Qa1 Ne6 29. Nd5 Rxb5 30. Qxe5+ Kh7 31. Nf6+ Kh8 32. Nd5+ Kh7 33. h4 h5 34. e4 a4 35. Nf6+ Kh8 36. Rd5 Rb1 37. Rxb1 Qxb1+ 38. Kg2 a3 39. Nd7+ Kg8 40. Nxf8 a2 41. Nxe6 a1=Q 42. Rd8+ Kh7 43. Rh8# 1-0

[Event "chess.com SpeedChess 2022"]
[Site "chess.com INT"]
[Date "2022.11.30"]
[Round "1.33"]
[White "Andreikin, D."]
[Black "Aronian, L."]
[Result "1-0"]
[WhiteElo "2729"]
[BlackElo "2735"]
[PlyCount "79"]
[EventDate "2022.11.23"]
[EventType "k.o."]

1. Nf3 d5 2. g3 Nc6 3. d4 Bf5 4. Bg2 e6 5. O-O Nb4 6. Na3 Nf6 7. c3 Nc6 8. Qa4 ({RR} 8. Qb3 a6 9. c4 Be7 10. Bf4 O-O 11. cxd5 Nxd5 12. Bd2 Ndb4 13. Bc3 Be4 14. Qd1 Qd5 15. Bxb4 Nxb4 16. Nb1 Nxa2 17. Rxa2 Qxa2 18. Nc3 Qxb2 19. Nxe4 Qa3 20. Qb1 Rfb8 21. Ne5 Qb4 22. Qd3 Rd8 {Stevik,P (2298)-Teglas,B (2124) Slovakia SVK 2025 1-0}) ({RR} 8. Nh4 Be4 9. f3 Bg6 10. e4 Bxa3 11. bxa3 Bh5 12. g4 Bg6 13. Bg5 Ne7 14. Rb1 Qc8 15. Rb2 h6 16. Bxf6 gxf6 17. exd5 Nxd5 18. f4 O-O 19. f5 Bh7 20. Bxd5 exd5 21. Re1 c6 22. Re7 Rb8 {Andreikin,D (2729)-Jimenez Jimenez,L (2161) chess.com INT 2024 1-0 (56)}) 8... Nd7 9. Bf4 $146 ({RR} 9. c4 Nb6 10. Qb5 a6 11. Qb3 Bxa3 12. c5 Nxd4 13. Nxd4 Bxc5 14. Nxf5 exf5 15. Qc3 Bf8 16. Rd1 c6 17. Qe5+ Qe7 18. Qxf5 g6 19. Qc2 Bg7 20. Bf4 Nc4 21. Rab1 Qf6 22. Bc1 O-O 23. b3 Nd6 {Dybowski,A (1627)-Czerwonski,J Karpacz 2013 0-1 (74)}) ({RR} 9. Nb1 Nb6 10. Qd1 Be7 11. Bf4 O-O 12. Nbd2 g5 13. Be3 Bg6 14. Ne1 e5 15. dxe5 Nxe5 16. Ndf3 Nec4 17. Bc1 c5 18. a4 a5 19. Nd3 Rc8 20. Nde5 Bf6 21. Ng4 Be7 22. Qb3 h5 23. Nge5 g4 {Andreikin,D (2729)-Aronian,L (2735) chess.com INT 2022 ½-½ (69)}) 9... Nb6 10. Qd1 Bxa3 11. bxa3 O-O 12. Nd2 Na5 13. e4 Bg6 14. h4 h6 15. h5 Bh7 16. Qg4 Kh8 17. exd5 Nxd5 18. Rac1 Nxf4 19. Qxf4 c6 20. Qe5 b6 21. c4 Rc8 22. c5 Qf6 23. Ne4 Bxe4 24. Bxe4 Rfd8 25. Rfd1 Qxe5 26. dxe5 Rxd1+ 27. Rxd1 Nc4 28. f4 bxc5 29. Rd7 Kg8 30. Rxa7 Nb6 31. a4 c4 32. a5 Nd5 33. a6 Nc3 34. Rb7 Nxe4 35. a7 c3 36. Rb8 c2 37. Rxc8+ Kh7 38. Rh8+ Kxh8 39. a8=Q+ Kh7 40. Qxc6 1-0

[Event "TCh-ROU Blitz 2022"]
[Site "Sebes ROU"]
[Date "2022.12.04"]
[Round "3.5"]
[White "Miron, L."]
[Black "Szabo, G ROM"]
[Result "1-0"]
[WhiteElo "2510"]
[BlackElo "2514"]
[PlyCount "62"]
[EventDate "2022.12.04"]
[EventType "blitz"]
[WhiteTeam "CS Universitatea de Vest"]
[BlackTeam "CS Politehnica Iasi"]

1. Nf3 Nf6 2. g3 g6 3. Bg2 Bg7 4. O-O O-O 5. d4 d6 6. Re1 Nbd7 7. e4 e5 8. Nc3 c6 9. a4 Qa5 ({RR} 9... b6 10. b3 Qc7 11. Ba3 Rd8 12. dxe5 Nxe5 13. Nd4 Bb7 14. Qd2 a6 15. f4 c5 16. Nde2 Nc6 17. Rad1 Nb4 18. Nc1 Bc6 19. Nd3 Nxd3 20. Qxd3 b5 21. axb5 axb5 22. Bc1 Ng4 23. Ne2 c4 24. bxc4 {Tkachiev,V (2625)-Ganguly,S (2619) Dubai 2014 0-1}) ({RR} 9... a5 10. b3 Qc7 11. Ba3 Rd8 12. d5 Nf8 13. Nd2 b5 14. axb5 cxd5 15. Nxd5 Nxd5 16. exd5 e4 17. Nxe4 Bf5 18. Rc1 Bxe4 19. Bxe4 Bc3 20. Re2 Nd7 21. Bg2 Ne5 22. Rb1 Rdb8 23. Re3 Rxb5 24. Bxd6 {Banusz,T (2621)-Cruz,W (2216) chess.com INT 2024 1-0 (47)}) 10. h3 Re8 11. Be3 Nf8 $146 ({RR} 11... exd4 12. Bxd4 Ne5 13. Nxe5 dxe5 14. Be3 Be6 15. Qe2 Qb4 16. Reb1 a5 17. Qe1 h5 18. Ne2 Qe7 19. Nc1 h4 20. g4 Nd7 21. Qd2 Nf8 22. Nd3 Bc4 23. Nc5 b6 24. Qc3 Be2 25. Re1 Bxg4 26. hxg4 {Kasparova,T (2218)-Laurent,B (2399) Metz 2007 0-1 (55)}) 12. Qd2 Qc7 13. a5 exd4 14. Nxd4 Ne6 15. Nb3 Bd7 16. Rad1 Bf8 17. f4 b5 18. axb6 axb6 19. Qf2 b5 20. Bb6 Qb7 21. e5 Nh5 22. exd6 Nxg3 23. Na5 Qa6 24. Nxc6 Nxf4 25. Ne7+ Bxe7 26. dxe7 Nxg2 27. Kxg2 Bc6+ 28. Kxg3 b4 29. Nd5 Bxd5 30. Rxd5 Qb7 31. Rd8 Qxb6 1-0